| 000 | 009330000a22002410004500 | ||
|---|---|---|---|
| 003 | LK-CoMWRAF | ||
| 005 | 20231122115423.0 | ||
| 008 | 230817t2003 ||||| |||| 00| 0 eng d | ||
| 020 | _a9748545687 | ||
| 040 |
_aLK-CoMWRAF _dLK-CoMWRAF _eLK-CoMWRAF |
||
| 041 | _aeng | ||
| 082 |
_a305.42 _bASI |
||
| 245 | _aA digest of case law on the human rights of women (Asia Pacific) | ||
| 260 |
_aChiangmai: _bAsia Pacific Forum on Women, Law and Development, _c2003 |
||
| 300 | _ai, 122 p. : ill. ; 24 cm. | ||
| 650 | _aSex discrimination against women--Law and legislation--Asia--Digests | ||
| 650 | _a Women's rights--Asia--Digests | ||
| 650 | _aSex discrimination against women--Law and legislation--Pacific Area--Digests | ||
| 650 | _aWomen's rights--Pacific Area--Digests. | ||
| 700 |
_aForster, Christine _eed. |
||
| 710 | _aAsia Pacific Forum on Women, Law and Development. Women's Rights Human Rights Taskforce. | ||
| 942 | _cBK | ||
| 999 |
_c638 _d638 |
||